Unesco, οδηγός του εκπαιδευτικού για τη διδασκαλία των φυσικών επιστημών στο δημοτικό και το γυμνάσιο
Αποθηκεύτηκε σε:
| Συγγραφή απο Οργανισμό/Αρχή: | |
|---|---|
| Μορφή: | Βιβλίο |
| Γλώσσα: | Greek |
| Δημοσίευση: |
Αθήνα :
Red-T-Point,
1994.
|
| Έκδοση: | 2η έκδ. |
| Θέματα: | |
| Ετικέτες: |
Προσθήκη ετικέτας
Δεν υπάρχουν, Καταχωρήστε ετικέτα πρώτοι!
|
MARC
| LEADER | 00000cam a2200000 i 4500 | ||
|---|---|---|---|
| 001 | 1/12839 | ||
| 008 | 001024s1994 gr |||||||||||||| ||gre|| | ||
| 035 | |l 10064369 | ||
| 040 | |a GR-MyUa |b gre |e AACR2 | ||
| 041 | 0 | |a gre | |
| 082 | 0 | |a 507 |2 (21) | |
| 082 | 7 | |a 507.1 |2 (23) | |
| 110 | 2 | |a Unesco. | |
| 245 | 1 | 0 | |a Unesco, οδηγός του εκπαιδευτικού για τη διδασκαλία των φυσικών επιστημών στο δημοτικό και το γυμνάσιο / |c Unesco ; μετάφραση: Αθανασία Βεκιαρέλη, Ευδοκία Παπαγκίκα ; επιμέλεια Γιάννης Αντωνίου: ... [κ.ά.]. |
| 250 | |a 2η έκδ. | ||
| 260 | |a Αθήνα : |b Red-T-Point, |c 1994. | ||
| 300 | |a 251 σ. : |b εικ. ; |c 21 εκ. | ||
| 500 | |a Τίτλος πρωτοτύπου: Unesco handbook for science teachers. | ||
| 504 | |a Περιλαμβάνει βιβλιογραφίες. | ||
| 650 | 0 | 0 | |a Science |x Study and teaching (Elementary) |x Handbooks, manuals, etc. |
| 650 | 0 | 0 | |a Science |x Study and teaching (Secondary) |x Handbooks, manuals, etc. |
| 650 | 0 | 0 | |a Teaching |x Handbooks, manuals, etc. |
| 852 | |a INST |b RHODES |e 20001024 |h 507 UNE |p 005400017548 |q 005400017548 |t BK |y 0 | ||
| 852 | |a INST |b RHODES |e 20001024 |h 507 UNE |p 005400017551 |q 005400017551 |t BK |y 0 | ||
| 852 | |a INST |b RHODES |e 20001024 |h 507 UNE |p 005400017552 |q 005400017552 |t BK |y 0 | ||
| 852 | |a INST |b SYROS |e 20010221 |h 507.1 UNE |p 005500001392 |q 005500001392 |t BK |y 0 | ||
| 901 | |a BIBL5-2001-1 | ||
| 901 | |a BIBL4-2000-3 | ||
| 922 | |a 4ΔΩΡ |b 200010 |c ΔΩΡΕΑ | ||
| 970 | |a Κουλακιότη |b Λίτσα |z 24/10/2000 | ||